000 00533nam a22001697a 4500
005 20240411125756.0
008 240411b |||||||| |||| 00| 0 eng d
020 _a9780702178948
041 _aEnglish
082 _a349 IND
100 _lEnglish
245 _aCumulative Index to the Industrial Law Journal : Including the Law Reports /
_cC Voosloo
260 _aCape Town:
_bJuta and Company Ltd,
_c2007
300 _b757 pages ;
_c26 cm.
650 _aLegal practice
_bLaw
942 _cBK
_6ALISON_BN_VRIES
999 _c1509
_d1509